| 000 | 00404nam a2200169Ia 4500 | ||
|---|---|---|---|
| 008 | 230524s9999 xx 000 0 und d | ||
| 020 | _a9788126509294 | ||
| 082 | _bBEL | ||
| 100 |
_aJohn C.Bellamy _942633 |
||
| 245 | 0 | _aDigital Telephony | |
| 250 | _a3 | ||
| 260 |
_aNew Delhi _bWiley India _c2011 |
||
| 300 | _a"XVI,635p;" | ||
| 500 | _aQuantity Number: 1 | ||
| 650 | _aElectronics | ||
| 942 | _cBK | ||
| 999 |
_c57646 _d57646 |
||